Marketing Communications 2/e

Saved in:
Bibliographic Details
Main Author: Eagle
Format: Book
Published: Routledge
Tags: Add Tag
No Tags, Be the first to tag this record!

MARC

LEADER 00000nam a2200000Ia 4500
005 20260513122052.0
020 |a 9780429447044 
100 |a Eagle 
365 |c £ 
365 |b 28.00 
942 |c BK 
245 |a Marketing Communications 2/e 
260 |b Routledge 
999 |c 81  |d 81 
952 |0 0  |1 0  |4 0  |7 0  |a UNSW  |b UNSW  |d 2026-05-06  |g 45.99  |i 16687  |l 0  |p 000102  |r 2026-05-13 12:20:52  |v 45.99  |w 2026-05-13  |y BK